Quality of the Education System Versus Competitiveness
Porovnanie Slovenskej republiky, Českej republiky a Fínska z hľadiska kvality ich vzdelávacieho systému, a to na základe štúdií OECD zameraných na gramotnosť-PISA a PIAAC a vybraných determinantov 4. a 5. piliera indexu GCI.
Na minha lista:
| Autor principal: | |
|---|---|
| Formato: | Capítulo de Livro |
| Idioma: | eslovaco |
| Assuntos: | |
| Tags: |
Sem tags, seja o primeiro a adicionar uma tag!
|
MARC
| LEADER | 00000naa$a2200000$$$4500 | ||
|---|---|---|---|
| 001 | 0250385 | ||
| 005 | 20240712114654.3 | ||
| 041 | 0 | |a slo | |
| 044 | |a SK | ||
| 245 | 1 | 0 | |a Quality of the Education System Versus Competitiveness |c Alexandra Veselková |
| 520 | |a Porovnanie Slovenskej republiky, Českej republiky a Fínska z hľadiska kvality ich vzdelávacieho systému, a to na základe štúdií OECD zameraných na gramotnosť-PISA a PIAAC a vybraných determinantov 4. a 5. piliera indexu GCI. | ||
| 610 | 2 | 0 | |a vzdelávanie |
| 610 | 2 | 0 | |a kvalita |
| 610 | 2 | 0 | |a konkurencieschopnosť |
| 610 | 2 | 0 | |a projekty |
| 610 | 2 | 0 | |a projekty medzinárodné |
| 610 | 2 | 0 | |a index globálnej konkurencieschopnosti |
| 100 | 1 | |a Veselková, Alexandra | |